<?xml version="1.0" encoding="UTF-8"?>
<marc:record xmlns:marc="http://www.loc.gov/MARC21/slim">
   <marc:leader>00000nam a2200000 a 4500</marc:leader>
   <marc:datafield ind1="1" ind2=" " tag="100">
      <marc:subfield code="a">Ameln-Haffke, Hildegard</marc:subfield>
      <marc:subfield code="4">aut</marc:subfield>
      <marc:subfield code="e">Verfasser/-in</marc:subfield>
   </marc:datafield>
   <marc:datafield ind1=" " ind2=" " tag="653">
      <marc:subfield code="a">Emotionsregulation</marc:subfield>
   </marc:datafield>
   <marc:datafield ind1=" " ind2=" " tag="653">
      <marc:subfield code="a">Gefühl</marc:subfield>
   </marc:datafield>
   <marc:datafield ind1=" " ind2=" " tag="653">
      <marc:subfield code="a">Wahrnehmung</marc:subfield>
   </marc:datafield>
   <marc:datafield ind1=" " ind2=" " tag="653">
      <marc:subfield code="a">Kunsttherapie</marc:subfield>
   </marc:datafield>
   <marc:datafield ind1=" " ind2=" " tag="653">
      <marc:subfield code="a">Vorlage</marc:subfield>
   </marc:datafield>
   <marc:datafield ind1=" " ind2=" " tag="653">
      <marc:subfield code="a">Kunstpädagogik</marc:subfield>
   </marc:datafield>
   <marc:datafield ind1=" " ind2=" " tag="653">
      <marc:subfield code="a">Kunsttherapeutische Methoden</marc:subfield>
   </marc:datafield>
   <marc:datafield ind1=" " ind2=" " tag="653">
      <marc:subfield code="a">Emotionale Kompetenz</marc:subfield>
   </marc:datafield>
   <marc:datafield ind1=" " ind2=" " tag="653">
      <marc:subfield code="a">Wahrnehmungsförderung</marc:subfield>
   </marc:datafield>
   <marc:datafield ind1=" " ind2=" " tag="653">
      <marc:subfield code="a">Kreativitätsförderung</marc:subfield>
   </marc:datafield>
   <marc:datafield ind1=" " ind2=" " tag="653">
      <marc:subfield code="a">Softcover / Psychologie</marc:subfield>
   </marc:datafield>
   <marc:datafield ind1=" " ind2=" " tag="653">
      <marc:subfield code="a">CD-ROM</marc:subfield>
   </marc:datafield>
   <marc:datafield ind1=" " ind2=" " tag="653">
      <marc:subfield code="a">Beispielsammlung</marc:subfield>
   </marc:datafield>
   <marc:datafield ind1="0" ind2="0" tag="245">
      <marc:subfield code="a">Emotionsbasierte Kunsttherapie</marc:subfield>
   </marc:datafield>
   <marc:datafield ind1="0" ind2="0" tag="245">
      <marc:subfield code="b">Methoden zur Förderung emotionaler Kompetenzen</marc:subfield>
   </marc:datafield>
   <marc:datafield ind1="0" ind2="0" tag="245">
      <marc:subfield code="c">von Hildegard Ameln-Haffke</marc:subfield>
   </marc:datafield>
   <marc:datafield ind1=" " ind2="1" tag="264">
      <marc:subfield code="a">Göttingen</marc:subfield>
      <marc:subfield code="b">Hogrefe</marc:subfield>
   </marc:datafield>
   <marc:datafield ind1="1" ind2=" " tag="520">
      <marc:subfield code="a">Angaben aus der Verlagsmeldung

Emotionsbasierte Kunsttherapie : Methoden zur Förderung emotionaler Kompetenzen / von Hildegard Ameln-Haffke

Probleme bei der Emotionswahrnehmung und bei der Emotionsregulation spielen bei zahlreichen Störungen eine Rolle. Eine gering ausgeprägte emotionale Kompetenz beeinflusst u. a. die Kommunikations-, Beziehungs-, Konflikt- und Empathiefähigkeit. Störungen der Emotionsregulation können die Stressverarbeitung, Selbstwirksamkeitserfahrungen und die seelische Gesundheit beeinträchtigen. Entsprechend wird die Arbeit mit Emotionen in zahlreichen Therapieansätzen in den Fokus gerückt.

Das Buch diskutiert zunächst die theoretischen und kunsttherapeutischen Grundlagen der Arbeit mit Emotionen. Ausführlich wird dann eine Vielzahl von kunsttherapeutischen Methoden zur emotionsbasierten Wahrnehmungsförderung, Ausdrucks- und Kreativitätsför-derung sowie zur Förderung von Kommunikationskompetenzen beschrieben. Die Kunst ist der Stimulus für emotionales Erleben. Die Methoden sind nach verschiedenen Themenfeldern übersichtlich geordnet und werden nach einem einheitlichen Schema dargestellt, so dass Therapeuten schnell die geeignete Methode auswählen und in der klinischen Praxis problemlos umsetzen können. Im letzten Teil des Buches wird ein Trainingsprogramm zur Förderung emotionaler Kompetenzen durch Kunst (FeKK) vorgestellt. Die Durchführung der 12 Module wird anwenderorientiert beschrieben. Die dazu notwendigen Materialien liegen auf der beiliegenden CD-ROM zum Ausdrucken bereit. Kunsttherapeuten finden in diesem Band zahlreiche Anregungen zur Förderung emotionaler Kompetenz mittels Kunst.
</marc:subfield>
   </marc:datafield>
   <marc:datafield ind1=" " ind2=" " tag="020">
      <marc:subfield code="a">9783801723965</marc:subfield>
      <marc:subfield code="9">9783801723965</marc:subfield>
   </marc:datafield>
   <marc:datafield ind1=" " ind2=" " tag="041">
      <marc:subfield code="a">ger</marc:subfield>
   </marc:datafield>
   <marc:datafield ind1=" " ind2=" " tag="300">
      <marc:subfield code="a">348 S.</marc:subfield>
   </marc:datafield>
</marc:record>
